Rap Albums with Baby Pictures - Statistics

General Stats
  • This quiz has been taken 34 times
  • The average score is 7 of 12
Answer Stats
Picture Answer % Correct
Drake
97%
Lil Wayne
97%
Nas
93%
Kendrick Lamar
90%
21 Savage
86%
The Notorious B.I.G.
86%
Mustard
62%
DaBaby
45%
Lil Durk
17%
Bas
3%
Common
3%
Young Dolph
3%
No matching quizzes found
Score Distribution
Percent of People with Each Score
Percentile by Number Answered
Your Score History
You have not taken this quiz